000 01200nam a2200337 c 4500
003 BLK
005 20230929102723.0
008 180411b bul|||||r ||||||| ||bul||
010 _aKNG00190656000
020 _a978-954-9535-76-1
_bиздат.: Вакон
040 _aBLK
041 _aBUL
_cBUL
072 7 _2bullib
_aН84
_xБългарска художествена литература Н
080 _aБългарска литература
_b821.163.2
_x-31
_z821.163.2-31
100 1 _aСтоичков, Владимир
_eпърви автор
_9371335
139 _aСтоичков, Владимир
_bС 82
245 1 0 _aОтвъд Рая
_bРоман
_cВладимир Стоичков.
257 _aBGR
260 София
_bВакон
_c2015
_fСофия : Алианс принт
300 _a272 с.
_c20 см
380 _aX
490 1 _aКиви
500 _aСъдържа и за авт.
653 _aромани
852 _aЦб 282407
856 4 _qpdf
_u
856 4 _qpdf
_u
942 _cKNG
_n0
_04
944 _aCR
_c19.09.2016
_lГалина Якимова
_k30564
944 _aED
_c12.01.2017
_lф /
_kЛюдмила_Стоянова
999 _c181750
_d181750